[Event "FB23 1920 SK Freiburg-Zähringen - SC Ro"]
[Site "?"]
[Date "2019.12.15"]
[Round "4.2"]
[White "Hund, Sarah"]
[Black "Skibbe, Diana"]
[Result "1/2-1/2"]
[WhiteElo "1991"]
[BlackElo "1982"]
[PlyCount "160"]
[EventDate "2019.??.??"]

1. e4 e5 2. Bc4 Nf6 3. d3 Be7 4. Nf3 d6 5. O-O O-O 6. a4 c6 7. Bb3 Nbd7 8. Re1
Nc5 9. c3 Nxb3 10. Qxb3 Qb6 11. Qc2 a5 12. Nbd2 Bg4 13. h3 Be6 14. Nf1 Nh5 15.
d4 Bb3 16. Qb1 Qc7 17. Ne3 g6 18. Ng4 f6 19. Bh6 Ng7 20. Qd3 Be6 21. Qd2 Bxg4
22. hxg4 Qc8 23. Nh2 Rf7 24. Rad1 Bf8 25. g3 Qe6 26. d5 Qd7 27. Bxg7 Kxg7 28.
Qc2 Be7 29. Kg2 h5 30. gxh5 Rh8 31. Rh1 Rxh5 32. Nf3 Rxh1 33. Rxh1 f5 34. exf5
Qxf5 35. Qxf5 Rxf5 36. dxc6 bxc6 37. Nd2 Rf8 38. Nc4 Ra8 39. Rd1 e4 40. Rd2 d5
41. Ne5 Rc8 42. c4 Bg5 43. Rd1 Bf6 44. Ng4 Rd8 45. cxd5 cxd5 46. Ne3 d4 47. Nc4
Rd5 48. Kf1 d3 49. Nd2 Rd4 50. b3 Rb4 51. Rc1 Bg5 52. Ke1 Bxd2+ 53. Kxd2 Rxb3
54. Rc5 Rb2+ 55. Ke3 Re2+ 56. Kf4 d2 57. Rd5 Kf6 58. g4 g5+ 59. Kg3 Ke6 60. Rd8
Ke5 61. Kg2 Kf4 62. Kh3 Rxf2 63. Rxd2 Rf3+ 64. Kg2 Ra3 65. Rd4 Ra2+ 66. Kh3 Ke3
67. Rd5 Rxa4 68. Rxg5 Ra3 69. Kg2 Kf4 70. Rg8 Ra2+ 71. Kf1 a4 72. g5 a3 73. g6
Ke3 74. g7 Rf2+ 75. Kg1 Rf7 76. Ra8 Rxg7+ 77. Kf1 Rf7+ 78. Ke1 Kf3 79. Rxa3+ e3
80. Ra8 Rf6 1/2-1/2

[Event "FB23 1920 SK Freiburg-Zähringen - SC Ro"]
[Site "?"]
[Date "2019.12.15"]
[Round "4.3"]
[White "Wagner, Victoria"]
[Black "Spiegelberg, Silvia"]
[Result "0-1"]
[WhiteElo "1797"]
[BlackElo "1906"]
[PlyCount "148"]
[EventDate "2019.??.??"]

1. e4 e5 2. Nf3 Nf6 3. Nxe5 Nxe4 4. Qe2 Qe7 5. Qxe4 d6 6. d4 dxe5 7. dxe5 Nc6
8. Bb5 Bd7 9. Nc3 O-O-O 10. Bf4 Qb4 11. O-O-O Be7 12. Qxb4 Bxb4 13. Rhe1 h6 14.
Re4 Bc5 15. Re2 Rhe8 16. Bc4 Nd4 17. Red2 Bg4 18. f3 Bh5 19. Ne4 Bb6 20. c3 Ne6
21. Rxd8+ Rxd8 22. Bg3 Be3+ 23. Kc2 Rxd1 24. Kxd1 Nf4 25. Bf1 Kd7 26. Nd2 Nd5
27. Nc4 Bg5 28. Bd3 c6 29. Bf2 b5 30. Nd6 Be3 31. Bf5+ Ke7 32. Bh4+ g5 33. Bg3
Bc5 34. Ne4 Ne3+ 35. Ke2 Bb6 36. Bh3 Bg6 37. Bf2 Nd5 38. Bxb6 axb6 39. g3 Bxe4
40. fxe4 Nc7 41. Bf5 Ne8 42. Kf3 c5 43. b4 f6 44. Bg6 Ng7 45. exf6+ Kxf6 46.
Bh7 Ke5 47. a3 Ne8 48. Bf5 Nd6 49. Bd7 Nxe4 50. bxc5 bxc5 51. Bxb5 Nxc3 52. Bf1
Nd5 53. a4 g4+ 54. Kf2 Kd4 55. a5 c4 56. Ke2 Nb4 57. Kd2 c3+ 58. Kc1 c2 59. a6
Kc3 60. Bc4 Kxc4 61. Kd2 Nxa6 62. Kxc2 Kd4 63. Kd2 Ke4 64. Ke2 Nc5 65. Kf2 Ne6
66. Ke2 Nd4+ 67. Kf2 Nf3 68. Kg2 Nxh2 69. Kf2 Nf3 70. Ke2 Ng5 71. Kf2 Kd3 72.
Kf1 Ke3 73. Kg2 Ke2 74. Kg1 Kf3 0-1

[Event "FB23 1920 SK Freiburg-Zähringen - SC Ro"]
[Site "?"]
[Date "2019.12.15"]
[Round "4.5"]
[White "Wagner, Margarethe"]
[Black "Denz, Annika"]
[Result "1-0"]
[WhiteElo "1805"]
[BlackElo "1640"]
[PlyCount "117"]
[EventDate "2019.??.??"]

1. e4 e5 2. Nf3 Nc6 3. Bb5 d6 4. c3 Bd7 5. O-O Nf6 6. Re1 g6 7. d4 Bg7 8. Bxc6
Bxc6 9. dxe5 dxe5 10. Qxd8+ Rxd8 11. Nxe5 O-O 12. Nxc6 bxc6 13. f3 Rb8 14. Na3
Rfe8 15. Rd1 Re7 16. Nc4 Ne8 17. Be3 Ra8 18. Rd2 f5 19. Bc5 Re6 20. exf5 gxf5
21. Kf1 Nf6 22. Re1 Rxe1+ 23. Kxe1 Nd5 24. Kf2 a6 25. g3 Rb8 26. Kg2 Re8 27.
Kf2 Bf6 28. Re2 Rb8 29. Re6 Kf7 30. Rxc6 a5 31. Ra6 f4 32. Rxa5 Rd8 33. Rb5 Rd7
34. a4 h5 35. a5 h4 36. g4 c6 37. Rb3 h3 38. a6 Nc7 39. Rb7 Ke6 40. a7 Bh4+ 41.
Ke2 Na8 42. Rxd7 Kxd7 43. Nb6+ Kd8 44. Nxa8 Be1 45. Nc7 Bxc3 46. a8=Q+ Kd7 47.
Qe8+ Kxc7 48. Qe7+ Kc8 49. Bb6 Be5 50. Qxe5 Kb7 51. Qc7+ Ka6 52. Bc5 Kb5 53.
Qb6+ Kc4 54. Qb4+ Kd5 55. Qd4+ Ke6 56. Qd6+ Kf7 57. Qe7+ Kg6 58. Bd4 c5 59.
Qg7# 1-0

[Event "FB23 1920 SC Rochade Zeulenroda - Kissc"]
[Site "?"]
[Date "2019.09.13"]
[Round "5.1"]
[White "Sukandar, Irine Kharisma"]
[Black "Mucha, Annegret"]
[Result "1-0"]
[WhiteElo "2408"]
[BlackElo "1998"]
[PlyCount "113"]
[EventDate "2019.??.??"]

1. e4 c5 2. Nf3 d6 3. c3 Nf6 4. Bd3 Nc6 5. Bc2 Bg4 6. h3 Bh5 7. d3 e6 8. O-O
Be7 9. Re1 O-O 10. Nbd2 b5 11. Nf1 b4 12. Ng3 Bxf3 13. Qxf3 bxc3 14. bxc3 Qa5
15. Bd2 Nd4 16. Qd1 Nxc2 17. Qxc2 c4 18. d4 Rfb8 19. f4 d5 20. f5 Rb6 21. Bf4
Qa3 22. fxe6 fxe6 23. Re2 Rf8 24. Bc1 Qa5 25. Bg5 Ba3 26. Bxf6 Rxf6 27. exd5
Rb2 28. Qd1 Rxe2 29. Nxe2 exd5 30. Qc2 Qc7 31. Rf1 Rxf1+ 32. Kxf1 Qf7+ 33. Ke1
Be7 34. Qb1 Bh4+ 35. g3 Bd8 36. Qb8 Qc7 37. Qb5 Qf7 38. Nf4 Bc7 39. Qxd5 Qxd5
40. Nxd5 Bxg3+ 41. Ke2 Kf7 42. Ne3 Ke6 43. Nxc4 Bc7 44. Kf3 h5 45. Ke4 g5 46.
Ne3 Ba5 47. c4 Bd2 48. c5 h4 49. d5+ Kd7 50. Nc4 Bf4 51. Kf5 Kc7 52. Nb2 Kd7
53. Nd3 Be3 54. Ne5+ Kc7 55. d6+ Kc8 56. c6 Bc5 57. Ke6 1-0

[Event "FB23 1920 SC Rochade Zeulenroda - Kissc"]
[Site "?"]
[Date "2019.09.13"]
[Round "5.2"]
[White "Skibbe, Diana"]
[Black "Kiolbasa, Oliwia"]
[Result "0-1"]
[WhiteElo "2008"]
[BlackElo "2153"]
[PlyCount "40"]
[EventDate "2019.??.??"]

1. e4 e5 2. f4 exf4 3. Nf3 g5 4. h4 g4 5. Ne5 Nf6 6. Bc4 d5 7. exd5 Bd6 8. d4
Nh5 9. Bxf4 Nxf4 10. O-O Bxe5 11. dxe5 Ng6 12. e6 f6 13. Qxg4 Qe7 14. Nd2 Bxe6
15. dxe6 Nc6 16. Ne4 O-O-O 17. Rxf6 Nge5 18. Qe2 Rd4 19. Rf7 Nxf7 20. exf7 Rxe4
0-1

[Event "FB23 1920 SC Rochade Zeulenroda - Kissc"]
[Site "?"]
[Date "2019.09.13"]
[Round "5.3"]
[White "Radeva, Viktoria"]
[Black "Schott, Maria"]
[Result "1-0"]
[WhiteElo "2320"]
[BlackElo "1850"]
[PlyCount "46"]
[EventDate "2019.??.??"]

1. e4 c6 2. d4 d5 3. Nc3 dxe4 4. Nxe4 Nd7 5. Nf3 Ngf6 6. Ng3 e6 7. Bd3 Qc7 8.
O-O Be7 9. Re1 O-O 10. c4 b6 11. Ne5 Bb7 12. Bf4 Qd8 13. Qf3 Qc8 14. Qe2 Re8
15. Nxf7 Kxf7 16. Qxe6+ Kf8 17. Nf5 Nb8 18. Qxc8 Bxc8 19. Nxe7 Kf7 20. Nxc8
Rxc8 21. Bd6 Rd8 22. c5 Nbd7 23. Bc4+ Kg6 1-0

[Event "FB23 1920 SC Rochade Zeulenroda - Kissc"]
[Site "?"]
[Date "2019.09.13"]
[Round "5.4"]
[White "Wagner, Margarethe"]
[Black "Gaboyan, Susanna"]
[Result "0-1"]
[WhiteElo "1815"]
[BlackElo "2195"]
[PlyCount "108"]
[EventDate "2019.??.??"]

1. e4 c5 2. Nf3 Nc6 3. d4 cxd4 4. Nxd4 Nf6 5. Nc3 e5 6. Ndb5 d6 7. Bg5 a6 8.
Na3 b5 9. Nd5 Be7 10. Bxf6 Bxf6 11. c3 Bg5 12. Nc2 Ne7 13. Nce3 Bxe3 14. Nxe3
Bb7 15. Qg4 O-O 16. Bd3 d5 17. O-O g6 18. exd5 f5 19. Qg5 Nxd5 20. Qxd8 Rfxd8
21. Nxd5 Rxd5 22. Rfd1 Rad8 23. Bc2 Rd2 24. h4 Kf8 25. Rac1 Ke7 26. Rxd2 Rxd2
27. Kf1 e4 28. g3 e3 29. fxe3 Rh2 30. Ke1 Rg2 31. h5 Rxg3 32. hxg6 hxg6 33. Kd2
Rg2+ 34. Ke1 Kf6 35. b4 Ke5 36. a4 Be4 37. Bd1 Bd3 38. axb5 Ke4 39. Bc2 axb5
40. Bxd3+ Kxd3 41. Kf1 Rh2 42. Kg1 Rd2 43. Kf1 Kxe3 44. Re1+ Kf3 45. Rc1 g5 46.
c4 bxc4 47. Ke1 Re2+ 48. Kd1 Rb2 49. Rxc4 g4 50. Kc1 Re2 51. Rc5 f4 52. Rg5 g3
53. Kd1 Rb2 54. Kc1 Rxb4 0-1

[Event "FB23 1920 SC Rochade Zeulenroda - Kissc"]
[Site "?"]
[Date "2019.09.13"]
[Round "5.5"]
[White "Mehling, Katharina"]
[Black "Dietrich, Mareike"]
[Result "1-0"]
[WhiteElo "2009"]
[BlackElo "1697"]
[PlyCount "53"]
[EventDate "2019.??.??"]

1. e4 c5 2. Nf3 d6 3. d4 cxd4 4. Nxd4 Nf6 5. Nc3 a6 6. Bg5 Nbd7 7. Qe2 h6 8.
Bh4 g6 9. O-O-O Bg7 10. g4 Ne5 11. h3 g5 12. Bg3 Ng6 13. e5 Nxg4 14. hxg4 Nxe5
15. Bh3 Qb6 16. Nd5 Qc5 17. Nb3 Qc6 18. Bxe5 Bxe5 19. Bg2 Kf8 20. Kb1 Rb8 21.
f4 gxf4 22. Nxe7 Qb6 23. Nd5 Qd8 24. Rh5 Be6 25. Rdh1 Bxd5 26. Bxd5 Qf6 27. Rf5
1-0

[Event "FB23 1920 SC Rochade Zeulenroda - Kissc"]
[Site "?"]
[Date "2019.09.13"]
[Round "5.6"]
[White "Teichmann, Kerstin"]
[Black "Reichert, Claudia"]
[Result "0-1"]
[WhiteElo "1615"]
[BlackElo "1680"]
[PlyCount "52"]
[EventDate "2019.??.??"]

1. e4 e5 2. Nc3 Nc6 3. f4 exf4 4. Nf3 Be7 5. Bc4 Bh4+ 6. Kf1 d6 7. d4 Bg4 8.
Bxf4 Bxf3 9. gxf3 Nge7 10. d5 Ne5 11. Bxe5 dxe5 12. Bb5+ c6 13. dxc6 Nxc6 14.
Qd5 Rc8 15. Qxe5+ Kf8 16. Qd5 Qb6 17. Qd6+ Kg8 18. Qd2 Rd8 19. Bd3 Ne5 20. f4
Nxd3 21. cxd3 Rxd3 22. Qe2 g6 23. Rg1 Re3 24. Qg4 Re1+ 25. Kg2 Qf2+ 26. Kh3
Re3+ 0-1

[Event "FB23 1920 SK 1980 Gernsheim - SK Freibu"]
[Site "Gernsheim"]
[Date "2020.02.02"]
[Round "5.1"]
[White "Hund, Barbara"]
[Black "Lukas, Anne"]
[Result "1-0"]
[WhiteElo "2084"]
[BlackElo "1879"]
[PlyCount "117"]
[EventDate "2020.??.??"]

1. e4 d5 2. exd5 Nf6 3. Nc3 Nxd5 4. Bc4 c6 5. d4 g6 6. Nf3 Bg7 7. Nxd5 cxd5 8.
Bd3 O-O 9. O-O Nc6 10. c3 Bg4 11. Bf4 Rc8 12. h3 Bxf3 13. Qxf3 Na5 14. h4 Nc4
15. Rab1 e6 16. h5 g5 17. Bc1 h6 18. Re1 b5 19. Bc2 e5 20. dxe5 Nxe5 21. Qf5 f6
22. Qh7+ Kf7 23. Bg6+ Ke6 24. Bf5+ Kf7 25. Bxc8 Qxc8 26. Rxe5 fxe5 27. Bxg5 Qe6
28. Be3 e4 29. Rd1 Rd8 30. Bxa7 Qg4 31. Qg6+ Qxg6 32. hxg6+ Kxg6 33. Bd4 Bf8
34. Kf1 Kf5 35. Ke2 Be7 36. Rh1 Kg6 37. Be3 h5 38. a3 Rf8 39. Rd1 Rf5 40. Ra1
Rf8 41. a4 bxa4 42. Rxa4 Rb8 43. b4 Bf6 44. Kd2 Kf5 45. g3 Rc8 46. Ra3 Be5 47.
Rb3 Ke6 48. b5 Rb8 49. Bd4 Bd6 50. b6 Rb7 51. Rb1 Bb8 52. Rh1 Rh7 53. Ke3 Kd7
54. g4 h4 55. g5 Ke6 56. g6 Rb7 57. Rxh4 Be5 58. Bxe5 Kxe5 59. Rg4 1-0

[Event "FB23 1920 SK 1980 Gernsheim - SK Freibu"]
[Site "Gernsheim"]
[Date "2020.02.02"]
[Round "5.2"]
[White "Ries, Jutta"]
[Black "Hund, Sarah"]
[Result "0-1"]
[WhiteElo "1993"]
[BlackElo "2011"]
[PlyCount "124"]
[EventDate "2020.??.??"]

1. f4 d5 2. Nf3 Bg4 3. e3 Nd7 4. Be2 Ngf6 5. Ne5 Bxe2 6. Qxe2 e6 7. Nxd7 Qxd7
8. b3 Bc5 9. d4 Bb4+ 10. c3 Be7 11. Nd2 O-O 12. O-O Rac8 13. c4 Bb4 14. Nf3 Ne4
15. Bb2 c6 16. a3 Be7 17. c5 Rb8 18. Qc2 Rfc8 19. b4 b6 20. Bc3 Rb7 21. Rfc1
Rcb8 22. cxb6 axb6 23. Ne5 Qd6 24. Be1 c5 25. b5 Rc8 26. a4 Bf6 27. Qb2 Bxe5
28. fxe5 Qd8 29. Rab1 Qg5 30. Qe2 c4 31. Ra1 Ra8 32. Bf2 Rba7 33. Qc2 Nxf2 34.
Kxf2 Qf5+ 35. Qxf5 exf5 36. Rc3 Rxa4 37. Rb1 Ra2+ 38. Kf3 Rd2 39. g4 Raa2 40.
gxf5 Rxh2 41. Rg1 Rhb2 42. e4 Rf2+ 43. Kg3 dxe4 44. Rxc4 h5 45. Rc3 Rxf5 46.
Re1 Rg5+ 47. Kh3 Rd2 48. Rxe4 Rg4 49. Rxg4 hxg4+ 50. Kxg4 Rxd4+ 51. Kf5 Rd5 52.
Rc6 Rxb5 53. Kf4 Rb1 54. e6 fxe6 55. Rxe6 Kf7 56. Rc6 b5 57. Rb6 g6 58. Kg5 b4
59. Rf6+ Ke7 60. Rb6 b3 61. Kxg6 b2 62. Kh7 Rh1+ 0-1

[Event "FB23 1920 SK 1980 Gernsheim - SK Freibu"]
[Site "?"]
[Date "2020.02.02"]
[Round "5.3"]
[White "Frank, Tena"]
[Black "Wilke, Tabea"]
[Result "1-0"]
[WhiteElo "1924"]
[BlackElo "1772"]
[PlyCount "77"]
[EventDate "2020.??.??"]

1. d4 d5 2. c4 e6 3. Nc3 Nf6 4. cxd5 exd5 5. Bg5 c6 6. Qc2 Be7 7. e3 O-O 8. Bd3
Nbd7 9. Nge2 Re8 10. O-O Nf8 11. f3 b6 12. e4 dxe4 13. fxe4 Ng6 14. h3 Bb7 15.
Bc4 Rf8 16. Rad1 Qc7 17. a4 a6 18. Kh1 Rac8 19. Bxf6 Bxf6 20. e5 Bg5 21. Ne4
Be7 22. Qb3 Nh8 23. Qg3 Ng6 24. Nf4 c5 25. Nd6 Bxd6 26. Nxg6 hxg6 27. exd6 Qd7
28. Rde1 Rce8 29. Rxe8 Qxe8 30. Re1 Qxa4 31. b3 Qb4 32. d7 Bxg2+ 33. Kxg2 Qd2+
34. Qf2 Qg5+ 35. Qg3 Qd2+ 36. Re2 Qxd4 37. Qe3 Kh7 38. Qxd4 cxd4 39. Re8 1-0

[Event "FB23 1920 SK 1980 Gernsheim - SK Freibu"]
[Site "?"]
[Date "2020.02.02"]
[Round "5.4"]
[White "Tampe, Friederike"]
[Black "Hund, Isabel"]
[Result "1/2-1/2"]
[WhiteElo "1570"]
[BlackElo "2008"]
[PlyCount "22"]
[EventDate "2020.??.??"]

1. e4 e5 2. Nf3 Nc6 3. Bc4 Be7 4. c3 Nf6 5. d4 Nxe4 6. dxe5 O-O 7. O-O d6 8.
Re1 Nc5 9. Bf4 Nxe5 10. Nxe5 dxe5 11. Bxe5 Qxd1 1/2-1/2

[Event "FB23 1920 SK 1980 Gernsheim - SK Freibu"]
[Site "Gernsheim"]
[Date "2020.02.02"]
[Round "5.5"]
[White "Tolstorukova, Amelie"]
[Black "Mueller, Manon"]
[Result "0-1"]
[WhiteElo "1352"]
[BlackElo "1797"]
[PlyCount "112"]
[EventDate "2020.??.??"]

1. d4 d5 2. Bf4 Nf6 3. e3 e6 4. Bd3 c5 5. c3 Nc6 6. Nd2 a6 7. a4 Bd6 8. Bg3 b6
9. Ngf3 O-O 10. Ne5 Qc7 11. f4 c4 12. Bb1 Bb7 13. h4 b5 14. h5 b4 15. Nxc6 Bxc6
16. Bh4 Be7 17. Bxf6 Bxf6 18. cxb4 Rfb8 19. Qc2 g6 20. b3 Rxb4 21. bxc4 dxc4
22. Nxc4 Bd5 23. Nd2 Qxc2 24. Bxc2 Bxg2 25. Rh2 Bd5 26. Ne4 Be7 27. Ng5 Bxg5
28. fxg5 Rb2 29. Kd1 Rc8 30. h6 Bb3 31. Rc1 Bxa4 32. Rd2 Bb5 33. Bb1 Rxd2+ 34.
Kxd2 Rxc1 35. Kxc1 Kf8 36. Ba2 Ke7 37. Kc2 f6 38. gxf6+ Kxf6 39. Kd2 Bc6 40.
Ke2 Kf5 41. Kf2 Bd5 42. Bb1+ Kg5 43. Bd3 a5 44. e4 Bb3 45. Ke2 Kxh6 46. Kd2 Kg5
47. Kc3 a4 48. e5 h5 49. Bf1 h4 50. Kb4 Kf4 51. Kc3 g5 52. Kb4 g4 53. Kc3 h3
54. Kb4 Bd5 55. Bc4 Bxc4 56. Kxc4 h2 0-1

[Event "FB23 1920 SK 1980 Gernsheim - SK Freibu"]
[Site "Gernsheim"]
[Date "2020.02.02"]
[Round "5.6"]
[White "Schardt, Madeleine"]
[Black "Kuenle, Teresa"]
[Result "1/2-1/2"]
[WhiteElo "1845"]
[BlackElo "1843"]
[PlyCount "73"]
[EventDate "2020.??.??"]

1. d4 d5 2. Bf4 Nf6 3. e3 e6 4. Nf3 Nbd7 5. c3 a6 6. Nbd2 Be7 7. Bd3 Nh5 8. Bg3
Nxg3 9. hxg3 Nf6 10. Ne5 Bd7 11. Ndf3 c5 12. Ng5 Rf8 13. Ngxf7 Rxf7 14. Nxf7
Kxf7 15. Bxh7 Bd6 16. Bc2 e5 17. dxe5 Bxe5 18. Qd3 Qf8 19. Qg6+ Ke7 20. Qg5 Bd6
21. Rh7 Kd8 22. Qh4 Kc7 23. O-O-O Nxh7 24. Qxh7 Qxf2 25. Qxg7 Qxe3+ 26. Kb1
Qxg3 27. Qxg3 Bxg3 28. Rxd5 Re8 29. Bd3 Bd6 30. Rg5 Be6 31. Rg7+ Kb8 32. Rg6
Bc7 33. g4 Kc8 34. a3 Kd7 35. Kc2 Rg8 36. Rxe6 Rxg4 37. Re2 1/2-1/2

[Event "FB23 1920 SG Augsburg 1873 - SV Stuttga"]
[Site "?"]
[Date "2020.02.02"]
[Round "5.1"]
[White "Li, Zhuoling"]
[Black "Jussupow, Nadia"]
[Result "1/2-1/2"]
[WhiteElo "2178"]
[BlackElo "2158"]
[PlyCount "90"]
[EventDate "2020.??.??"]

1. e4 e6 2. d4 d5 3. Nd2 Nf6 4. e5 Nfd7 5. Bd3 c5 6. c3 Nc6 7. Ne2 cxd4 8. cxd4
f6 9. exf6 Nxf6 10. O-O Bd6 11. Nf3 Qc7 12. h3 O-O 13. Nc3 a6 14. Re1 Bd7 15.
Be3 Rae8 16. Rc1 Qb8 17. Bb1 b5 18. a3 b4 19. axb4 Qxb4 20. Qd3 Qxb2 21. Qxa6
Ra8 22. Qe2 Rfb8 23. Bd2 Qb6 24. Be3 Qb2 25. Bd2 Qb6 26. Qd3 Ra3 27. Ne5 Be8
28. Nxc6 Qxc6 29. Qe2 Qb6 30. Qxe6+ Bf7 31. Qe2 Bb4 32. Qd1 Qxd4 33. Bf5 Bc5
34. Be3 Qxd1 35. Nxd1 Bxe3 36. Rxe3 Rxe3 37. Nxe3 g6 38. Bd3 d4 39. Ng4 Nxg4
40. hxg4 Be6 41. g5 Rb3 42. Rd1 Kg7 43. Be4 Rb4 44. Kh2 Bf5 45. Bxf5 gxf5
1/2-1/2

[Event "FB23 1920 SG Augsburg 1873 - SV Stuttga"]
[Site "?"]
[Date "2020.02.02"]
[Round "5.3"]
[White "Leser, Katrin"]
[Black "Horvath, Maria"]
[Result "0-1"]
[WhiteElo "2015"]
[BlackElo "1975"]
[PlyCount "120"]
[EventDate "2020.??.??"]

1. e4 c5 2. Nf3 Nc6 3. d4 cxd4 4. Nxd4 Qc7 5. Nc3 e6 6. Be3 a6 7. Qd2 Nf6 8.
O-O-O Bb4 9. f3 d5 10. a3 Bxc3 11. Qxc3 dxe4 12. Nxc6 Qxc6 13. Qxc6+ bxc6 14.
fxe4 Nxe4 15. Be2 Bb7 16. Bf3 Nf6 17. Bc5 Rd8 18. Bd6 Nd5 19. Bc5 f6 20. c4 Nf4
21. Rxd8+ Kxd8 22. Rd1+ Kc8 23. Be3 Ng6 24. Rd6 Ne5 25. c5 Nxf3 26. gxf3 Re8
27. h4 e5 28. Kc2 Kc7 29. f4 Bc8 30. fxe5 fxe5 31. Kd2 Bf5 32. Ke2 Be4 33. Rd2
Rf8 34. Bf2 Rf3 35. Bg1 Rh3 36. Bf2 Bd5 37. Be1 Kd7 38. Rd3 Rh2+ 39. Bf2 Ke6
40. Rg3 g6 41. Rg4 Kf5 42. Rb4 h6 43. Rb8 g5 44. hxg5 hxg5 45. Ke3 Rh3+ 46. Kd2
g4 47. Rf8+ Ke4 48. Bg1 g3 49. Rf1 Rh1 50. Re1+ Kf3 51. b4 Bc4 52. a4 g2 53.
Kc3 Bf1 54. Be3 e4 55. Kd4 Rh7 56. Ke5 Rd7 57. Bg1 Be2 58. Ke6 Rd2 59. Rb1 Bc4+
60. Ke5 e3 0-1

[Event "FB23 1920 SG Augsburg 1873 - SV Stuttga"]
[Site "?"]
[Date "2020.02.02"]
[Round "5.4"]
[White "Amelang, Astrid"]
[Black "Klotz, Sonja"]
[Result "1/2-1/2"]
[WhiteElo "2052"]
[BlackElo "1944"]
[PlyCount "170"]
[EventDate "2020.??.??"]

1. f4 d5 2. b3 Nf6 3. Nf3 g6 4. Bb2 Bg7 5. e3 O-O 6. Be2 c5 7. Ne5 d4 8. exd4
cxd4 9. Bf3 Qb6 10. d3 Nbd7 11. Nc4 Qc5 12. O-O Nb6 13. Ba3 Qc7 14. Nxb6 axb6
15. g3 Re8 16. Bb2 Qc5 17. Nd2 Nd5 18. Bxd5 Qxd5 19. Qf3 Qc5 20. Ne4 Qc7 21.
Qf2 Rd8 22. Ng5 Bf5 23. Nf3 Qc5 24. a4 Rac8 25. Rac1 Rc7 26. Rfe1 Rcd7 27. Kg2
Qc6 28. Kg1 Qc5 29. Kg2 b5 30. axb5 Qxb5 31. h3 h5 32. Ne5 Rd5 33. Nc4 Qc6 34.
Kh2 b5 35. Ne5 Qc7 36. Nf3 Qd7 37. h4 Ra8 38. Rb1 Be6 39. Ng5 Bf5 40. Nf3 Rc8
41. Rbc1 Qd6 42. Ra1 Bg4 43. Ne5 Be6 44. Rac1 Bf5 45. Nf3 Bf6 46. Ne5 Rd8 47.
Nf3 Bc8 48. Ra1 Bb7 49. Rac1 Qc6 50. Ba3 Qc7 51. Bb2 Ba8 52. Re2 Qb7 53. Rf1
R5d6 54. Ne5 Qd5 55. Ba3 Ra6 56. Bb4 Rc8 57. Nf3 Rc7 58. Ne1 Ra2 59. f5 Kg7 60.
Qf4 Raa7 61. Bd2 Kg8 62. fxg6 fxg6 63. Qh6 Qf7 64. Bf4 Rd7 65. Be5 Qg7 66.
Qxg7+ Kxg7 67. Rf4 Ra6 68. Kg1 Rc6 69. Kf2 Rc5 70. Bxf6+ exf6 71. Re6 f5 72.
Re2 Kf6 73. Nf3 Rcd5 74. Ke1 R5d6 75. Kf2 Bb7 76. Ke1 Bc6 77. Kd2 b4 78. Ne5
Rd8 79. Nc4 R6d7 80. Rf1 Re7 81. Rfe1 Rde8 82. Rxe7 Rxe7 83. Rxe7 Kxe7 84. Ne5
Be8 85. Nf3 Kd6 1/2-1/2

[Event "FB23 1920 SG Augsburg 1873 - SV Stuttga"]
[Site "?"]
[Date "2020.02.02"]
[Round "5.5"]
[White "Froehlich, Franziska"]
[Black "Khamenya, Vitalia"]
[Result "1/2-1/2"]
[WhiteElo "1887"]
[BlackElo "1896"]
[PlyCount "82"]
[EventDate "2020.??.??"]

1. e4 e5 2. Nf3 Nc6 3. Bb5 a6 4. Ba4 Nf6 5. O-O b5 6. Bb3 Bc5 7. c3 d6 8. d4
Bb6 9. h3 O-O 10. Re1 h6 11. Bc2 Re8 12. Be3 Rb8 13. Nbd2 Bd7 14. Qe2 Qc8 15.
Rad1 b4 16. dxe5 Nxe5 17. Nxe5 Rxe5 18. Bxb6 cxb6 19. Nf3 Rc5 20. Rxd6 bxc3 21.
bxc3 Rxc3 22. Bd3 Qc7 23. e5 Ne8 24. Qe4 Rc1 25. Rd4 Rxe1+ 26. Nxe1 b5 27. Nf3
Be6 28. a4 Qc1+ 29. Kh2 g6 30. Qh4 Kg7 31. axb5 axb5 32. Rb4 Qc5 33. Qd4 Qc6
34. Qb2 Nc7 35. Nd4 Qc5 36. Nxe6+ Nxe6 37. Rxb5 Rxb5 38. Bxb5 Nd4 39. e6 Qe5+
40. Kh1 Qe1+ 41. Kh2 Qe5+ 1/2-1/2

[Event "FB23 1920 SG Augsburg 1873 - SV Stuttga"]
[Site "?"]
[Date "2020.02.02"]
[Round "5.6"]
[White "Muench, Ursula_Elisabeth"]
[Black "Kobald, Jacqueline"]
[Result "0-1"]
[WhiteElo "1793"]
[BlackElo "1872"]
[PlyCount "74"]
[EventDate "2020.??.??"]

1. Nf3 Nf6 2. g3 g6 3. Bg2 Bg7 4. d4 O-O 5. c4 d6 6. O-O Nc6 7. Nc3 a6 8. b3
Rb8 9. Bb2 e5 10. d5 Na5 11. e4 Nd7 12. Qe2 b5 13. Nd2 b4 14. Nd1 Nb7 15. a3 a5
16. axb4 axb4 17. Ne3 Nbc5 18. Ra2 Bb7 19. Nc2 Bc8 20. Rfa1 f5 21. Ra8 Rxa8 22.
Rxa8 Nb6 23. Ra1 Na6 24. f4 Qe7 25. Ra5 exf4 26. Bxg7 Qxg7 27. e5 Qxe5 28. Qxe5
dxe5 29. c5 Nd7 30. c6 Ndc5 31. Nxb4 Nxb3 32. Nxb3 Nxb4 33. Rb5 Nd3 34. gxf4
Nxf4 35. Nc5 e4 36. Kf1 Nxd5 37. Rb8 Ne7 0-1

[Event "FB23 1920 FC Bayern München - SC Bavari"]
[Site "?"]
[Date "2020.02.02"]
[Round "5.1"]
[White "Hausmann, Sarah"]
[Black "Boric, Elena"]
[Result "0-1"]
[WhiteElo "1642"]
[BlackElo "2177"]
[PlyCount "66"]
[EventDate "2020.??.??"]

1. d4 f5 2. Bg5 Nf6 3. e3 e6 4. Nf3 Be7 5. Bd3 O-O 6. h4 c5 7. c3 Nc6 8. Nbd2
d5 9. Nf1 c4 10. Bc2 b5 11. Ng3 Bd7 12. h5 Ne4 13. Bxe7 Qxe7 14. Ne2 b4 15. Nd2
bxc3 16. bxc3 Rab8 17. Nxe4 fxe4 18. O-O Nd8 19. a4 Nf7 20. Nf4 Nh6 21. Qd2 Qh4
22. Rfb1 Ng4 23. Qe1 e5 24. dxe5 Rxb1 25. Rxb1 Qh2+ 26. Kf1 Nxe5 27. Rb7 Bg4
28. f3 exf3 29. gxf3 Bh3+ 30. Nxh3 Qxh3+ 31. Ke2 Qxf3+ 32. Kd2 Qg2+ 33. Kc1 Rf1
0-1

[Event "FB23 1920 FC Bayern München - SC Bavari"]
[Site "?"]
[Date "2020.02.02"]
[Round "5.2"]
[White "Khrapko, Marharyta"]
[Black "Pavlov, Liliane"]
[Result "1/2-1/2"]
[WhiteElo "2064"]
[BlackElo "1714"]
[PlyCount "118"]
[EventDate "2020.??.??"]

1. e4 c5 2. Nf3 d6 3. c3 Nf6 4. Bd3 Nc6 5. Bc2 e5 6. d4 cxd4 7. cxd4 Bg4 8. Be3
Be7 9. d5 Nb8 10. h3 Bh5 11. g4 Bg6 12. Nc3 Nbd7 13. Rc1 Rc8 14. g5 Nh5 15. Qd2
Nb6 16. b3 Nf4 17. Bxf4 exf4 18. h4 h6 19. gxh6 Rxh6 20. Ne2 Bf6 21. Bb1 Rxc1+
22. Qxc1 Qe7 23. Qxf4 Nxd5 24. Qc1 Nb6 25. Qf4 Nd7 26. Ng3 Ne5 27. h5 Bh7 28.
O-O Nxf3+ 29. Qxf3 Be5 30. Qg4 Qd7 31. Nf5 Bxf5 32. exf5 g6 33. Kg2 Rxh5 34. f4
Bf6 35. Re1+ Kf8 36. Qf3 Kg7 37. fxg6 fxg6 38. Rg1 Rh6 39. Be4 b6 40. f5 g5 41.
Rc1 Be5 42. Qg4 Kf6 43. Qd1 Rh2+ 44. Kg1 Rxa2 45. Qh5 Bd4+ 46. Kh1 Qg7 47. Rc8
Ra1+ 48. Kg2 Re1 49. Re8 Rxe4 50. Rxe4 Be5 51. Qh3 Qf8 52. Rc4 Qa8+ 53. Kf2 Qd5
54. Ke2 Bf4 55. Qh6+ Kxf5 56. Qh7+ Kf6 57. Qh6+ Kf5 58. Qh7+ Kf6 59. Qh6+ Kf5
1/2-1/2

[Event "FB23 1920 FC Bayern München - SC Bavari"]
[Site "?"]
[Date "2020.02.02"]
[Round "5.3"]
[White "Oberhofer, Marie"]
[Black "Dirmeier, Carolin"]
[Result "0-1"]
[WhiteElo "1739"]
[BlackElo "1973"]
[PlyCount "60"]
[EventDate "2020.??.??"]

1. e4 c5 2. Nf3 Nc6 3. d4 cxd4 4. Nxd4 Nf6 5. Nc3 e5 6. Ndb5 d6 7. Bg5 a6 8.
Na3 b5 9. Bxf6 gxf6 10. Nd5 Bg7 11. c3 O-O 12. Qh5 Be6 13. Bd3 f5 14. exf5 Bxd5
15. f6 e4 16. fxg7 Re8 17. Qxd5 exd3+ 18. Kf1 Ne5 19. f4 Ng4 20. Qxd3 Qb6 21.
Qf3 Ne3+ 22. Kf2 Nc2+ 23. Kg3 Nxa3 24. Rae1 Nc4 25. b3 Ne3 26. f5 Qc5 27. f6
Qg5+ 28. Kh3 Rac8 29. Rc1 Nf5 30. Qg4 Qh6+ 0-1

[Event "FB23 1920 FC Bayern München - SC Bavari"]
[Site "?"]
[Date "2020.02.02"]
[Round "5.4"]
[White "Stangl, Anita"]
[Black "Wetzler, Sophia"]
[Result "1-0"]
[WhiteElo "1996"]
[BlackElo "1673"]
[PlyCount "79"]
[EventDate "2020.??.??"]

1. e4 e5 2. Nf3 Nc6 3. Bc4 Bc5 4. O-O Nf6 5. d3 O-O 6. c3 d6 7. h3 Na5 8. Bb5
a6 9. Ba4 Nc6 10. d4 Ba7 11. Re1 b5 12. Bc2 Bd7 13. Bg5 Kh8 14. dxe5 dxe5 15.
Nbd2 h6 16. Bh4 Rg8 17. Bb3 Qe7 18. Bd5 g5 19. Bxc6 Bxc6 20. Bg3 Nd7 21. Nh2 f6
22. Qh5 Kh7 23. Ng4 Qg7 24. Ne3 Nc5 25. Nf5 Qf8 26. Qf3 Rd8 27. Nf1 Rd3 28. Qh5
Bxe4 29. Rxe4 Nxe4 30. Qe2 Nxg3 31. Qxd3 Nxf5 32. Qxf5+ Kh8 33. Rd1 Rg7 34. Ng3
Rf7 35. Qe6 Bb6 36. Nf5 h5 37. Rd3 Rh7 38. Rf3 Qd8 39. Ng3 Kg7 40. Ne4 1-0